LEADER 01055nam a2200217 i 4500 001 000000160430 003 CaOOAMICUS 005 20070321000000.0 008 070321s1881 it u000 u ita u 013 $a137793 040 $aSeMil$bita 100 1 $aTinti, Tommaso Giacinto.$0(OLS)http://semarc/name/30937 245 13$aLa cremazione e l'inumazione in faccia alla natura alla storia alla religione :$bDissertazione /$cletta il dì 8. giugno 1881 nella Pontificia Accademia Tiberina di Roma dal P. Tommaso Giacinto Tinti de' predicatori. 260 $aFaenza :$bdalla Tipografia Conti,$c1881. 300 $a74 p. ;$c24 cm. 650 4$aCremazione.$0(OLS)http://semarc/subject/10666 850 $aSeMil 852 $aSeMil$W1$xVenegono$y1$m5C VII 5/25$j225804$B111905$CSeMilBibl$Z2$F121918 $8I 961 $aRecupero: Altro 996 $6245$aLa cremazione e l'inumazione in faccia alla natura alla storia alla religione :$bDissertazione$9(OLS)http://semarc/title/143092 996 $6260$aFaenza :$bdalla Tipografia Conti$9(OLS)http://semarc/publisher/44308 LEADER 00528nam a2200169 i 4500 001 000000051622 003 CaOOAMICUS 005 20100611000000.0 008 100611s1980 it u000 u ita u 013 $a22794 040 $aSeMil$bita 245 10$a1978-1979. 300 $a1738 col. 773 0 $tLettere pastorali.$dCittadella : La voce dei pastori, 1961-2003.$w()3528 850 $aSeMil 852 $aSeMil$W1$xVenegono$y1$m2F VII 11$j17777$B17777$CSeMilBibl$Z2$F17778 $8I 996 $6245$a1978-1979$9(OLS)http://semarc/title/79127